000 01181nam0a22003131 4500
001 RU\INFOCOMM_322\NLR\5000173885
005 20250613110455.0
035 _a(NLR Aleph) 009565330
090 _a9094949
_c9094949
100 _a20130213d1973 |||y0rusy50 ca
101 0 _aeng
102 _aRU
105 _ay z |||||
200 1 _aGuide-book
_fN. V. Tsitsin, P. I. Lapin
_gThe Main botanical garden of the USSR Acad. of sciences
210 _aM.
_c"Reklama"
_d1973
215 _a32 с.
_cил.
_d21 см
300 _aНа тит. л. сост.: N. V. Tsitsin, P. I. Lapin
300 _aНа обороте тит. л.: Н. В. Цицин, П. И. Лапин. "Главный ботанический сад АН СССР". Альбом-путеводитель
620 _aМосква
686 _aЕ5е(2)л64
_2rubbk
702 1 _9z01790
_aCicin
_bN. V.
_f1898-
_gNikolaj Vasil'evič
_4220
710 0 2 _7ba
_8eng
_aMain botanical garden
_cMoscow
_92643159
_3RU\NLR\AUTH\880615813
790 1 _9z01702
_aTsitsin
_bN. V.
_4220
801 1 _aRU
_bInfocomm
_c20130213
801 0 _aRU
_bINFOCOMM
_gPSBO
852 _aNLR
_jБт01 Д-4/1
942 _cBOOK
980 _aNB